000 00661nab a2200193 4500
001 244442
003 OSt
005 20240926120006.0
007 tu
008 200917s2020|||||||
040 _aDE-2950
_cDE-2950
245 0 0 _aViel Frust nach der Wahl
_bAuszählung. Für Michael Möckel (CDU), Anja Kreisel (Linke) und Moana Engelke (Grüne) war die Wahl eine Enttäuschung. Wie sie ihre Ergebnis einordnen/
_cLisa Larossa, Thomas Gutke
264 _c2024
653 _aFrankfurt (Oder)
653 _aLandtagswahl
653 _aWahlergebnis
773 0 _g35. Jahrgang (2024) Nr. 225 vom 25.09.2024, S. 16 mit Foto
_tMärkische Oderzeitung
942 _2z
_cA
999 _c373369
_d373369